000 00495nam a22001937a 4500
003 MPLRDC
005 20220104143148.0
008 210129b ||||| |||| 00| 0 eng d
020 _a957-645-841-2
082 _a857.62 JDN v.11 c.2
100 _a贾德诺著; 周辛南译
245 _a给她点毒药吃
_c
250 _a初版
260 _a
_b风云时代出版股份有限公司
_c1997
300 _b
490 _a贾氏妙探;11
650 _a
942 _cBK
_o857.62 JDN v.11 c.2
999 _c37221
_d37211